Central Library OPAC University of Rajshahi

English literature in the sixteenth century, excluding drama / (Record no. 18387)

MARC details
000 -LEADER
fixed length control field 01094nam a2200313 a 4500
001 - CONTROL NUMBER
control field 18387
003 - CONTROL NUMBER IDENTIFIER
rucl marc code BD-RjUL
005 - DATE AND TIME OF LATEST TRANSACTION
control field 20211209000258.0
008 - FIXED-LENGTH DATA ELEMENTS--GENERAL INFORMATION
fixed length control field 140220r19681954enk b 001 0 eng d
035 ## - SYSTEM CONTROL NUMBER
System control number (BD-RjUL)18445
040 ## - CATALOGING SOURCE
Original cataloging agency DLC
Transcribing agency YNG
Modifying agency m.c
-- SER
-- OCL
-- EQO
-- BD-RjUL
Language of cataloging eng
041 ## - LANGUAGE CODE
Language code of text/sound track or separate title eng
082 0# - DEWEY DECIMAL CLASSIFICATION NUMBER
Classification number 820.903
Author mark and year LEE 1968
Edition number 19
100 1# - MAIN ENTRY--PERSONAL NAME
Personal name Lewis, C. S.
Fuller form of name (Clive Staples),
Dates associated with a name 1898-1963.
9 (RLIN) 53779
245 10 - TITLE STATEMENT
Title English literature in the sixteenth century, excluding drama /
Statement of responsibility, etc. C.S. Lewis.
260 ## - PUBLICATION, DISTRIBUTION, ETC. (IMPRINT)
Place of publication, distribution, etc. Oxford :
Name of publisher, distributor, etc. Clarendon Press,
Date of publication, distribution, etc. 1954 [reprinted 1968]
300 ## - PHYSICAL DESCRIPTION
Pagination vi, 696 p. ;
Size 23 cm.
490 1# - SERIES STATEMENT
Series statement Clark lectures ;
Volume/sequential designation 1944
Series statement Oxford history of English literature ;
Volume/sequential designation v. 3
504 ## - BIBLIOGRAPHY, ETC. NOTE
Bibliography, etc Includes bibliographical references (p. [594]-685) and index.
650 #0 - SUBJECT ADDED ENTRY--TOPICAL TERM
Topical term or geographic name as entry element English literature
Chronological subdivision Early modern, 1500-1700
General subdivision History and criticism.
9 (RLIN) 53256
830 #0 - SERIES ADDED ENTRY--UNIFORM TITLE
Volume number/sequential designation 1944.
Volume number/sequential designation v. 3.
Uniform title Clark lectures ;
Uniform title Oxford history of English literature ;
942 ## - ADDED ENTRY ELEMENTS (KOHA)
Source of classification or shelving scheme Dewey Decimal Classification
Koha item type Books
Holdings
Lost status Source of classification or shelving scheme Damaged status Not for loan Collection code Permanent Location Current Location Shelving location Date acquired Source of acquisition Cost, normal purchase price Total Checkouts Full call number Date last seen Copy number Koha item type
  Dewey Decimal Classification     Fiction Central Library, University of Rajshahi Central Library, University of Rajshahi   08/10/1973 Inded library 66.00   820.903 LEE 1968 20/02/2014 C-6 Books
  Dewey Decimal Classification     Fiction Central Library, University of Rajshahi Central Library, University of Rajshahi   16/11/1967 Zeitlinger 42.00   820.903 LEE 1954 22/02/2014 C-4 Books
  Dewey Decimal Classification     Fiction Central Library, University of Rajshahi Central Library, University of Rajshahi   05/10/1956 Allies book 24.60   820.903 LEE 1954 12/11/2016 C-2 Books
  Dewey Decimal Classification   Not For Loan Non-fiction Central Library, University of Rajshahi Central Library, University of Rajshahi Reading Room 24/03/1955 O.U.P. 16.14   820.903 LEE 1954 08/02/2017 C-1 Books
  Dewey Decimal Classification     Non-fiction Central Library, University of Rajshahi Central Library, University of Rajshahi   30/01/1973 Oxford University Press 49.50   820.903 LEE 1968 19/01/2020 C-3 Books
  Dewey Decimal Classification     Non-fiction Central Library, University of Rajshahi Central Library, University of Rajshahi   09/05/1974 Oxford University press 55.00   820.903 LEE 1968 03/02/2020 C-7 Books
  Dewey Decimal Classification     Non-fiction Central Library, University of Rajshahi Central Library, University of Rajshahi   20/08/1970 Zeitlinger 45.00   820.903 LEE 1968 25/02/2020 C-5 Books